Statistics for Belle and Sebastian Songs

Click here to take the quiz!

General Stats

  • This quiz has been taken 41 times
  • The average score is 36 of 163

Answer Stats

HintAnswer% Correct
The Boy with the Arab Strap
89%
Dear Catastrophe Waitress
83%
If You're Feeling Sinister
80%
Judy and the Dream of Horses
69%
Get Me Away from Here, I'm Dying
66%
Girls in Peacetime Want to DanceThe Stars of Track and Field
63%
Like Dylan in the Movies
60%
TigermilkThe State I Am In
60%
Write About Love
60%
The Fox in the Snow
57%
Mayfly
54%
Dog on Wheels
51%
Funny Little Frog
51%
Step into My Office, Baby
51%
Me and the Major
49%
Piazza, New York Catcher
49%
Belle and Sebastian
46%
StorytellingElectronic Renaissance
46%
If You're Feeling SinisterExpectations
46%
Lazy Line Painter Jane
46%
Seymour Stein
46%
Sleep the Clock Around
46%
The Model
46%
Push Barman to Open Old WoundsWe Rule the School
46%
Storytelling
43%
The Blues Are Still Blue
43%
The Life Pursuit
43%
I'm a Cuckoo
40%
How to Solve Our Human ProblemsSeeing Other People
40%
The Boy with the Arab StrapShe's Losing It
40%
A Century of Elvis
37%
A Century of Fakers
37%
It Could Have Been a Brilliant Career
37%
Act of the Apostle
31%
The Rollercoaster Ride
31%
Wrapped Up in Books
31%
Another Sunny Day
29%
A Summer Wasting
29%
Dirty Dream Number Two
29%
I Fought in a War
29%
Lord Anthony
29%
A Space Boy Dream
26%
Beautiful
26%
Dress Up in You
26%
Is It Wicked Not to Care?
26%
I Want the World to Stop
26%
Judy Is a Dick Slap
26%
Legal Man
26%
Le Pastie de la Bourgeoisie
26%
Marx and Engels
26%
The Third Eye CentreMary Jo
26%
Nobody's Empire
26%
The Party Line
26%
There's Too Much Love
26%
This Is Just a Modern Rock Song
26%
Asleep on a Sunbeam
23%
Belle and Sebastian Write About LoveI Don't Love Anyone
23%
I Love My Car
23%
Jonathan David
23%
Roy Walker
23%
Winter Wooskie
23%
Act of the Apostle II
20%
Allie
20%
Chickfactor
20%
Dear Catastrophe WaitressI Could Be Dreaming
20%
The Life PursuitMy Wandering Days Are Over
20%
Sukie in the Graveyard
20%
Take Your Carriage Clock and Shove It
20%
Women's Realm
20%
Beyond the Sunrise
17%
For the Price of a Cup of Tea
17%
I Didn't See It Coming
17%
If She Wants Me
17%
If You Find Yourself Caught in Love
17%
I'll Be Your Pilot
17%
Photo Jenny
17%
Put the Book Back on the Shelf
17%
Simple Things
17%
Stay Loose
17%
String Bean Jean
17%
The Boy Done Wrong Again
17%
The Wrong Girl
17%
Waiting for the Moon to Rise
17%
White Collar Boy
17%
You Don't Send Me
17%
Your Cover's Blown
17%
Calculating Bimbo
14%
Enter Sylvia Plath
14%
Fuck this Shit
14%
I'm Waking Up to Us
14%
Little Lou, Ugly Jack, Prophet John
14%
Perfect Couples
14%
The Chalet Lines
14%
The Loneliness of a Middle Distance Runner
14%
Fold Your Hands Child, You Walk Like a PeasantYou're Just a Baby
14%
Ease Your Feet in the Sea
11%
Family Tree
11%
I Don't Want to Play Football
11%
Mornington Crescent
11%
Nice Day for a Sulk
11%
Read the Blessed Pages
11%
Slow Graffiti
11%
Song for Sunshine
11%
Suicide Girl
11%
The Gate
11%
The Ghost of Rockschool
11%
To Be Myself Completely
11%
Wandering Alone
11%
We Are the Sleepyheads
11%
Big John Shaft
9%
Blue Eyes of a Millionaire
9%
Come On Sister
9%
Don't Leave the Light on Baby
9%
Ever Had a Little Faith?
9%
I Know Where the Summer Goes
9%
I'm Not Living in the Real World
9%
Meat and Potatoes
9%
Mr. Richard
9%
Passion Fruit
9%
Scooby Driver
9%
Stop, Look and Listen
9%
The Cat with the Cream
9%
The Everlasting Muse
9%
The Girl Doesn't Get It
9%
The Power of Three
9%
We Were Beautiful
9%
Your Secrets
9%
Best Friend
6%
Black and White Unite
6%
Cornflake
6%
Desperation Made a Fool of Me
6%
Fiction
6%
Fiction Reprise
6%
Freak
6%
(I Believe In) Travellin' Light
6%
I Can See Your Future
6%
Last Trip
6%
Long Black Scarf
6%
Love on the March
6%
Play for Today
6%
Sunday's Pretty Icons
6%
Sweet Dew Lee
6%
The Book of You
6%
Today (This Army's for Peace)
6%
You Made Me Forget My Dreams
6%
Consuelo
3%
Consuelo Leaving
3%
Everything Is Now
3%
Fickle Season
3%
Heaven in the Afternoon
3%
I Took a Long Hard Look
3%
Night Walk
3%
Poor Boy
3%
Show Me the Sun
3%
The Eighth Station of the Cross Kebab House
3%
There Is an Everlasting Song
3%
Too Many Tears
3%
A Plague On All the Other Boys
0%
Everything Is Now (Part Two)
0%
Same Star
0%

Score Distribution

Percentile by Number Answered

Percent of People with Each Score

Your Score History

You have not taken this quiz